| Поле | Инд. | ПП | Название | Значение |
|---|---|---|---|---|
| Тип записи | a | |||
| Библиографический уровень | m | |||
| 001 | Контрольный номер | RU/LIBMSTU/340451813 | ||
| 005 | Дата корректировки | 20181218105226.3 | ||
| 008 | Кодируемые данные | 101021|||||||||ru |||||||||||000|||rus|| | ||
| 020 | a | ISBN | 978-5-7777-0483-2 | |
| c | Цена, тираж | 180-00 | ||
| 040 | b | Код языка каталог. | rus | |
| 041 | 0_ | a | Код языка текста | rus |
| 084 | a | Индекс другой классификации/Индекс ББК | 60.56+66.4(0) | |
| 090 | a | Полочн. индекс | 60.5 | |
| x | Авторский знак | П 12 | ||
| 245 | 10 | a | Заглавие | Падение Берлинской стены: до и после |
| b | Продолж. заглавия | Россияне о внешнеполитических процессах прошлого и настоящего : монография | ||
| c | Ответственность | Friedrich Ebert Stiftung, Ин-т социологии РАН ; под ред. М. К. Горшкова, Р. Крумма, В. В. Петухова ; [науч. конс. Р. Крумм] | ||
| 260 | a | Место издания | Москва | |
| b | Издательство | Весь мир | ||
| c | Дата издания | 2010 | ||
| 300 | a | Объем | 181, [2] с. | |
| b | Иллюстрации/ тип воспроизводства | ил. | ||
| 440 | _0 | a | Серия | Российское общество в зеркале социологии |
| 650 | 04 | a | Основная рубрика | Политическая социология |
| 650 | 14 | a | Основная рубрика | Международные отношения и внешняя политика |
| 651 | _4 | a | Географическое наименование | Россия |
| 651 | _4 | a | Географическое наименование | Германия |
| 653 | 0_ | a | Ключевые слова | Берлинская стена |
| a | Ключевые слова | Внешняя политика | ||
| a | Ключевые слова | Международные отношения | ||
| a | Ключевые слова | Монографии | ||
| a | Ключевые слова | Объединение Германии | ||
| a | Ключевые слова | Политическая социология | ||
| a | Ключевые слова | Российско-германские отношения | ||
| 700 | 1_ | a | Другие авторы | Горшков М. К. |
| e | Роль лиц | ред. | ||
| 700 | 1_ | a | Другие авторы | Крумм Р. |
| e | Роль лиц | ред. | ||
| 700 | 1_ | a | Другие авторы | Петухов В. В. |
| e | Роль лиц | ред. | ||
| 901 | t | Тип документа | m | |
| 952 | c | Вид литературы | монография |